Normal view
MARC view
Entry Personal Name
001 - CONTROL NUMBER
- control field: 12021
003 - CONTROL NUMBER IDENTIFIER
- control field: ARRUPE
005 - DATE AND TIME OF LATEST TRANSACTION
- control field: 20141002172559.0
008 - FIXED-LENGTH DATA ELEMENTS
- fixed length control field: 141002|| aca||aabn | a|a d
040 ## - CATALOGING SOURCE
- Original cataloging agency: ARRUPE
- Transcribing agency: ARRUPE
100 ## - HEADING--PERSONAL NAME
- Personal name: Maclagan, W. G.
- Fuller form of name: (William Gauld)
670 ## - SOURCE DATA FOUND
- Source citation: Work cat.: (ARRUPE)0: Maclagan, W. G. (William Gauld), The theological frontier of ethics;, [1961]